| 000 | 01824nam0a2200301 4500 | ||
|---|---|---|---|
| 001 | RU\NLR\BIBL_A\022780821 | ||
| 005 | 20260608174331.0 | ||
| 035 | _a(NLR Aleph) 022780821 | ||
| 090 |
_a13729120 _c13729120 |
||
| 100 | _a20260409d2025 k y0rusy50 ca | ||
| 101 | 0 | _arus | |
| 102 | _aRU | ||
| 105 | _aa j 000yy | ||
| 181 | 0 |
_ai3 _baxxe |
|
| 182 | 0 | _an | |
| 200 | 1 |
_aОсновы тригонометрии _eучебно-методическое пособие для курсантов 1 курса технических специальностей _fЛ. В. Кашаева, Г. Н. Трошина _gФедеральное агентство морского и речного транспорта, Федеральное государственное бюджетное образовательное учреждение высшего образования "Волжский государственный университет водного транспорта", Нижегородское речное училище имени И. П. Кулибина |
|
| 203 |
_aТекст _bвизуальный _cнепосредственный |
||
| 210 |
_aНижний Новгород _cФГБОУ ВО "ВГУВТ" _d2025 |
||
| 215 |
_a95 с. _cил. _d20 |
||
| 320 | _aБиблиогр.: с. 93 | ||
| 606 | 1 |
_aТригонометрия _xЗадачи _xРешение _jУчебно-методические пособия для высших учебных заведений _2nlr_sh1 _2nlr_sh2 _3RU\NLR\AUTH\661109175 |
|
| 686 | 1 | _aВ181.12я73-41 | |
| 700 | 1 |
_aКашаева _bЛ. В. _gЛюдмила Владимировна |
|
| 701 | 1 |
_aТрошина _bГ. Н. _gГалина Николаевна |
|
| 942 | _cBOOK | ||
| 980 | _aNB | ||